<?xml version="1.0" encoding="UTF-8"?>
<record
    xmlns:xsi="http://www.w3.org/2001/XMLSchema-instance"
    xsi:schemaLocation="http://www.loc.gov/MARC21/slim http://www.loc.gov/standards/marcxml/schema/MARC21slim.xsd"
    xmlns="http://www.loc.gov/MARC21/slim">

  <leader>00804nam a22001697a 4500</leader>
  <datafield tag="999" ind1=" " ind2=" ">
    <subfield code="c">61110</subfield>
    <subfield code="d">61110</subfield>
  </datafield>
  <controlfield tag="005">20231220113833.0</controlfield>
  <controlfield tag="008">231220s1989    ru ||||| |||| 00| 0 rus d</controlfield>
  <datafield tag="020" ind1=" " ind2=" ">
    <subfield code="a">5120006736</subfield>
  </datafield>
  <datafield tag="041" ind1=" " ind2=" ">
    <subfield code="a">rus</subfield>
  </datafield>
  <datafield tag="080" ind1=" " ind2=" ">
    <subfield code="a">737.1(37+38) A-69</subfield>
  </datafield>
  <datafield tag="100" ind1=" " ind2=" ">
    <subfield code="a">&#x410;&#x43D;&#x43E;&#x445;&#x438;&#x43D;, &#x412;.&#x410;.</subfield>
    <subfield code="9">20598</subfield>
  </datafield>
  <datafield tag="245" ind1=" " ind2=" ">
    <subfield code="a">&#x41C;&#x43E;&#x43D;&#x435;&#x442;&#x44B; &#x430;&#x43D;&#x442;&#x438;&#x447;&#x43D;&#x44B;&#x445; &#x433;&#x43E;&#x440;&#x43E;&#x434;&#x43E;&#x432; &#x421;&#x435;&#x432;&#x435;&#x440;&#x43E;-&#x437;&#x430;&#x43F;&#x430;&#x434;&#x43D;&#x43E;&#x433;&#x43E; &#x41F;&#x440;&#x438;&#x447;&#x435;&#x440;&#x43D;&#x43E;&#x43C;&#x43E;&#x440;&#x44C;&#x44F;</subfield>
    <subfield code="c"> &#x412;.&#x410;. &#x410;&#x43D;&#x43E;&#x445;&#x438;&#x43D;;  &#x410;&#x43A;&#x430;&#x434;. &#x43D;&#x430;&#x443;&#x43A; &#x423;&#x43A;&#x440;. &#x421;&#x421;&#x420;, &#x418;&#x43D;-&#x442; &#x430;&#x440;&#x445;&#x435;&#x43E;&#x43B;&#x43E;&#x433;&#x438;&#x438;.</subfield>
  </datafield>
  <datafield tag="264" ind1=" " ind2=" ">
    <subfield code="a">&#x41A;&#x438;&#x435;&#x432; :</subfield>
    <subfield code="b">&#x41D;&#x430;&#x443;&#x43A;&#x43E;&#x432;&#x430; &#x434;&#x443;&#x43C;&#x43A;&#x430;, </subfield>
    <subfield code="c">1989.</subfield>
  </datafield>
  <datafield tag="300" ind1=" " ind2=" ">
    <subfield code="a">127 c.:</subfield>
    <subfield code="b"> &#x438;&#x43B;.;</subfield>
    <subfield code="c">22 cm.</subfield>
  </datafield>
  <datafield tag="653" ind1=" " ind2=" ">
    <subfield code="a">&#x10E9;&#x10E0;&#x10D3;&#x10D8;&#x10DA;&#x10DD;-&#x10D3;&#x10D0;&#x10E1;&#x10D0;&#x10D5;&#x10DA;&#x10D4;&#x10D7; &#x10E8;&#x10D0;&#x10D5;&#x10D8; &#x10D6;&#x10E6;&#x10D5;&#x10D8;&#x10E1; &#x10E0;&#x10D4;&#x10D2;&#x10D8;&#x10DD;&#x10DC;&#x10D8;&#x10E1; &#x10E3;&#x10EB;&#x10D5;&#x10D4;&#x10DA;&#x10D4;&#x10E1;&#x10D8; &#x10E5;&#x10D0;&#x10DA;&#x10D0;&#x10E5;&#x10D4;&#x10D1;&#x10D8;&#x10E1; &#x10DB;&#x10DD;&#x10DC;&#x10D4;&#x10E2;&#x10D4;&#x10D1;&#x10D8;</subfield>
  </datafield>
  <datafield tag="942" ind1=" " ind2=" ">
    <subfield code="2">udc</subfield>
    <subfield code="c">&#x1CAC;&#x1C98;&#x1C92;&#x1C9C;&#x1C98;</subfield>
  </datafield>
  <datafield tag="952" ind1=" " ind2=" ">
    <subfield code="0">0</subfield>
    <subfield code="1">0</subfield>
    <subfield code="2">udc</subfield>
    <subfield code="4">0</subfield>
    <subfield code="6">73713738_A69</subfield>
    <subfield code="7">0</subfield>
    <subfield code="9">97381</subfield>
    <subfield code="a">CPL</subfield>
    <subfield code="b">CPL</subfield>
    <subfield code="c">GEN</subfield>
    <subfield code="d">2023-12-20</subfield>
    <subfield code="g">5.00</subfield>
    <subfield code="o">737.1(37+38) A-69</subfield>
    <subfield code="p">65620</subfield>
    <subfield code="r">2023-12-20</subfield>
    <subfield code="t">65620</subfield>
    <subfield code="u">&#x10D1;&#x10E1;&#x10E3;-&#x10E1; &#x10E1;&#x10D0;&#x10DE;&#x10D0;&#x10E2;&#x10D8;&#x10DD; &#x10D3;&#x10DD;&#x10E5;&#x10E2;&#x10DD;&#x10E0;&#x10D8;&#x10E1; &#x10D2;&#x10E3;&#x10E0;&#x10D0;&#x10DB; &#x10DA;&#x10DD;&#x10E0;&#x10D7;&#x10E5;&#x10D8;&#x10E4;&#x10D0;&#x10DC;&#x10D8;&#x10EB;&#x10D8;&#x10E1; &#x10E1;&#x10D0;&#x10E9;&#x10E3;&#x10E5;&#x10D0;&#x10E0;&#x10D8;</subfield>
    <subfield code="w">2023-12-20</subfield>
    <subfield code="y">&#x1CAC;&#x1C98;&#x1C92;&#x1C9C;&#x1C98;</subfield>
    <subfield code="z">5 &#x10DA;.</subfield>
  </datafield>
</record>
